Quiz piłkarski - Statystyki

Ogólne statystyki
  • Ten quiz został rozwiązany 92 razy
  • Średni wynik to 7 z 10
Statystyki odpowiedzi
Hint Odpowiedź % Poprawnych
14 Real Madryt
100%
5 FC Barcelona
94%
6 Bayern Monachium
92%
6 Liverpool
89%
7 AC Milan
82%
3 Manchester United
80%
3 Inter Mediolan
69%
2 Juventus
63%
2 SL Benfica
5%
4 AFC Ajax
1%
Nie znaleziono quizów pasujących do podanych kryteriów
Rozkład punktacji
Procent ludzi z każdym wynikiem
Percentyl według liczby udzielonych odpowiedzi
Twoja historia wyników
Nie rozwiązałeś tego quizu